MARC details
| 000 -LEADER |
| fixed length control field |
02419nam a2200349 a 4500 |
| 008 - FIXED-LENGTH DATA ELEMENTS--GENERAL INFORMATION |
| fixed length control field |
120724s2011 ||||||||||||||||| || u |
| 050 ## - LIBRARY OF CONGRESS CALL NUMBER |
| Classification number |
HC 915 Zam |
| 110 ## - MAIN ENTRY--CORPORATE NAME |
| Corporate name or jurisdiction name as entry element |
United Nations Development Programme (UNDP) |
| 245 10 - TITLE STATEMENT |
| Title |
Zambia human development report 2011: service delivery for sustainable human development |
| Statement of responsibility, etc. |
by United Nations Development Programme [UNDP] |
| 246 ## - |
| -- |
Service Delivery Sustainable Human Development |
| 260 ## - PUBLICATION, DISTRIBUTION, ETC. |
| Place of publication, distribution, etc. |
Lusaka: |
| Name of publisher, distributor, etc. |
United Nations Development Programme (UNDP) |
| Date of publication, distribution, etc. |
2011 |
| 300 ## - PHYSICAL DESCRIPTION |
| Extent |
128p.: ill. |
| 362 1# - |
| -- |
<p>2011</p> |
| 500 ## - GENERAL NOTE |
| General note |
Bibliography |
| 650 ## - SUBJECT ADDED ENTRY--TOPICAL TERM |
| Topical term or geographic name entry element |
ZAMBIA--SOCIAL CONDITIONS |
| 650 ## - SUBJECT ADDED ENTRY--TOPICAL TERM |
| Topical term or geographic name entry element |
HUMAN RIGHTS--ZAMBIA |
| 650 ## - SUBJECT ADDED ENTRY--TOPICAL TERM |
| Topical term or geographic name entry element |
HUMAN DEVELOPMENT REPORT--ZAMBIA |
| 650 ## - SUBJECT ADDED ENTRY--TOPICAL TERM |
| Topical term or geographic name entry element |
DEVELOPMENT--ZAMBIA |
| 650 ## - SUBJECT ADDED ENTRY--TOPICAL TERM |
| Topical term or geographic name entry element |
ZAMBIA--ECONOMIC CONDITIONS |
| 650 ## - SUBJECT ADDED ENTRY--TOPICAL TERM |
| Topical term or geographic name entry element |
QUALITY OF LIFE--ZAMBIA |
| 995 ## - |
| -- |
SPECIAL COLLECTIONS |
| -- |
1210 |
| -- |
CBU-MAIN LIBRARY (Kitwe) |
| -- |
ZAM HC 915 Uni |
| -- |
3 |
| -- |
AVAILABLE |
| -- |
Feb 25, 2014 |
| -- |
B1210 |
| -- |
Zambiana Collection |
| 995 ## - |
| -- |
SPECIAL COLLECTIONS |
| -- |
1549 |
| -- |
CBU-MAIN LIBRARY (Kitwe) |
| -- |
UNDP(058)ZHD/2011B |
| -- |
4 |
| -- |
AVAILABLE |
| -- |
Aug 8, 2014 |
| -- |
B1549 |
| -- |
Zambiana Collection |
| 995 ## - |
| -- |
SPECIAL COLLECTIONS |
| -- |
1548 |
| -- |
CBU-MAIN LIBRARY (Kitwe) |
| -- |
UNDP(058)ZHD/2011A |
| -- |
3 |
| -- |
AVAILABLE |
| -- |
Aug 8, 2014 |
| -- |
B1548 |
| -- |
Zambiana Collection |
| 995 ## - |
| -- |
SPECIAL COLLECTIONS |
| -- |
1552 |
| -- |
CBU-MAIN LIBRARY (Kitwe) |
| -- |
UNDP(05)ZHD/2011E |
| -- |
7 |
| -- |
AVAILABLE |
| -- |
Aug 8, 2014 |
| -- |
B1552 |
| -- |
Zambiana Collection |
| 995 ## - |
| -- |
SPECIAL COLLECTIONS |
| -- |
1553 |
| -- |
CBU-MAIN LIBRARY (Kitwe) |
| -- |
UNDP(05)ZHD/2011F |
| -- |
8 |
| -- |
AVAILABLE |
| -- |
Aug 8, 2014 |
| -- |
B1553 |
| -- |
Zambiana Collection |
| 995 ## - |
| -- |
SPECIAL COLLECTIONS |
| -- |
1702 |
| -- |
CBU-MAIN LIBRARY (Kitwe) |
| -- |
UNDP(058)ZHDR/2011 |
| -- |
1 |
| -- |
AVAILABLE |
| -- |
Oct 16, 2014 |
| -- |
B1702 |
| -- |
Zambiana Collection |
| 995 ## - |
| -- |
SPECIAL COLLECTIONS |
| -- |
1157 |
| -- |
CBU-MAIN LIBRARY (Kitwe) |
| -- |
ZAM HC 915 Uni |
| -- |
10 |
| -- |
AVAILABLE |
| -- |
Dec 11, 2013 |
| -- |
B1157 |
| -- |
Zambiana Collection |
| 995 ## - |
| -- |
SPECIAL COLLECTIONS |
| -- |
1550 |
| -- |
CBU-MAIN LIBRARY (Kitwe) |
| -- |
UNDP(058)ZHD/2011C |
| -- |
5 |
| -- |
AVAILABLE |
| -- |
Aug 8, 2014 |
| -- |
B1550 |
| -- |
Zambiana Collection |
| 995 ## - |
| -- |
MAIN LIBRARY OPEN ACCESS |
| -- |
744822 |
| -- |
CBU-MAIN LIBRARY (Kitwe) |
| -- |
HC 915 Zam |
| -- |
3 |
| -- |
AVAILABLE |
| -- |
Jun 9, 2014 |
| -- |
744822 |
| -- |
Main Library Open Access Collection |
| 995 ## - |
| -- |
MAIN LIBRARY OPEN ACCESS |
| -- |
743167 |
| -- |
CBU-MAIN LIBRARY (Kitwe) |
| -- |
HC 915 Zam |
| -- |
2 |
| -- |
AVAILABLE |
| -- |
Jul 24, 2012 |
| -- |
743167 |
| -- |
Main Library Open Access Collection |
| 995 ## - |
| -- |
SPECIAL COLLECTIONS |
| -- |
1551 |
| -- |
CBU-MAIN LIBRARY (Kitwe) |
| -- |
UNDP(058)ZHD/2011D |
| -- |
6 |
| -- |
AVAILABLE |
| -- |
Aug 8, 2014 |
| -- |
B1551 |
| -- |
Zambiana Collection |
| 999 ## - |
| -- |
83390 |
| -- |
83390 |